[Event "AUT-chT 9899"]
[Site "Austria"]
[Date "1999.01.17"]
[Round "8"]
[White "Blatny, Pavel"]
[Black "Lautier, Joel"]
[Result "0-1"]
[WhiteElo "2520"]
[BlackElo "2630"]
[Annotator "Lautier,J"]
[PlyCount "90"]
[EventDate "1998.??.??"]
[EventType "team"]
[EventRounds "11"]
[EventCountry "AUT"]
[SourceTitle "EXT 2000"]
[Source "ChessBase"]
[SourceDate "1999.11.16"]
[SourceVersion "1"]
[SourceVersionDate "1999.11.16"]
[SourceQuality "1"]

1. Nf3 d5 2. c4 c6 3. cxd5 cxd5 4. d4 Nc6 5. Nc3 Nf6 6. Bf4 Ne4 7. Nd2 $2 Nxc3
8. bxc3 g6 9. e4 dxe4 10. Nxe4 Bg7 11. Qd2 {/\ Bh6, h4} Qd5 $1 $15 {/\ 0-0, e5}
(11... e5 12. Bg5 f6 13. Bh6 $132) (11... O-O 12. Bh6 $132) 12. f3 (12. Bd3 f5
13. Ng3 Qxg2 14. Qe2 $1 (14. O-O-O Qd5 15. h4 Be6 $17) 14... Bd7 $1 (14... Qd5
15. O-O Qa5 16. Rac1 O-O 17. d5 $132) (14... O-O 15. O-O-O Kh8 {/\ Qd5} 16. h4
$132) 15. O-O-O O-O-O $17) 12... O-O 13. Bh6 e5 14. dxe5 (14. Qg5 $2 f6 $17) (
14. h4 $2 Bf5 $1 (14... f5 15. Bxg7 Kxg7 16. h5 $5 fxe4 17. hxg6 e3 18. Qxe3
hxg6 19. Qh6+ Kf7 20. Qh7+ Kf6 21. Qh4+ Ke6 22. Qg4+ Kd6 23. Qxg6+ Be6 $15) 15.
Bd3 (15. h5 $2 Bxe4 16. fxe4 (16. hxg6 $2 Bxg6 $19) 16... Qxe4+ $19) 15... exd4
$17) (14. Bxg7 Kxg7 15. dxe5 Qxe5 16. Qd6 (16. Be2 Bf5 $36) 16... Rd8 (16...
Bf5 17. Qxe5+ Nxe5 18. Nd6 $132) 17. Qxe5+ Nxe5 $15) 14... Qxd2+ 15. Bxd2 Nxe5
16. Be2 f5 (16... Bf5 $6 17. Nd6 Bd3 (17... Nd3+ 18. Kf1) 18. Nxb7 $13) 17. Nd6
Rd8 18. Nxc8 Raxc8 19. O-O-O Nd3+ (19... Nc4 20. Be1 Rxd1+ 21. Bxd1 Ne3 22.
Bb3+ Kf8 23. g3 b5 (23... Bxc3 $4 24. Bxc3 Rxc3+ 25. Kd2 $18) 24. Bd2 Nc4 25.
Bxc4 Rxc4 26. Kc2 $15) 20. Bxd3 Rxd3 21. Kc2 Rd7 22. Rb1 Kf7 23. Rhd1 b6 24.
Rb3 $2 (24. Be1 $6 Re7 $36) (24. g4 $5 $15) 24... Re8 $1 $17 25. g4 $8 (25. Re1
$2 Bh6 $1 $19) 25... Re2 26. h4 Rh2 27. Rb4 (27. h5 $2 Bh6 $19) 27... Rf2 (
27... h5 $5 $17) 28. gxf5 gxf5 29. f4 (29. Rf4 $2 Rdxd2+ 30. Rxd2 Rxd2+ 31.
Kxd2 Bh6 32. Ke3 Ke6 $19) 29... Bf8 30. Rb3 (30. Rd4 $2 Rxd4 31. cxd4 Bb4 32.
Kd3 Bxd2 33. Rxd2 Rxd2+ 34. Kxd2 Ke6 $19) 30... Rh2 31. c4 Rxh4 32. Be3 Rh2+
33. Rd2 Rdxd2+ 34. Bxd2 h5 $19 35. Kd1 h4 36. a4 Bc5 37. a5 Kg6 38. Rd3 Rg2 39.
Be1 Rg4 40. axb6 axb6 41. Rd8 Rxf4 42. Rh8 Rd4+ $1 43. Ke2 Rxc4 44. Bxh4 Re4+
45. Kd3 Bd4 0-1

[Event "Tata Steel-B 74th"]
[Site "Wijk aan Zee"]
[Date "2012.01.25"]
[Round "10"]
[White "Cmilyte, Viktorija"]
[Black "L'Ami, Erwin"]
[Result "0-1"]
[WhiteElo "2503"]
[BlackElo "2596"]
[Annotator "Let's Check"]
[PlyCount "178"]
[EventDate "2012.01.14"]
[EventType "tourn"]
[EventRounds "13"]
[EventCountry "NED"]
[EventCategory "15"]
[SourceTitle "CBM 147"]
[Source "ChessBase"]
[SourceDate "2012.03.16"]
[SourceVersion "1"]
[SourceVersionDate "2012.03.16"]
[SourceQuality "1"]

1. d4 d5 2. c4 c6 3. Nf3 Nf6 4. Nc3 a6 5. cxd5 cxd5 6. Bf4 Nc6 7. Rc1 Ne4 8.
Ne5 Nxc3 9. Rxc3 Bd7 10. e3 e6 11. a3 Rc8 12. Nxd7 Qxd7 13. Bd3 Na7 14. Rxc8+
Nxc8 15. Qc2 Bd6 16. Be5 f6 17. Bxd6 Nxd6 18. Ke2 Ke7 19. Rc1 Rc8 20. Qd2 f5
21. f3 h6 22. Rc5 b6 23. Rxc8 Qxc8 24. Qe1 a5 25. Qh4+ Kd7 26. Kd2 Qf8 27. Qe1
g5 28. h4 f4 29. hxg5 hxg5 30. g3 Qh8 31. gxf4 gxf4 32. Qg1 fxe3+ 33. Qxe3 Qh2+
34. Qe2 Qg1 35. Kc3 Qc1+ 36. Kb3 Qf4 37. Kc3 Ke7 38. a4 Kf6 39. Qg2 Qc1+ 40.
Qc2 Qf4 41. Qg2 Nf7 42. Qg6+ Ke7 43. Be2 Qc1+ 44. Qc2 Qg1 45. Kd3 Qg6+ 46. Kc3
Qg3 47. Kb3 Kf6 48. Qd2 Qg5 49. Qc3 Qf4 50. Ka2 Qd6 51. Bd1 Nd8 52. Qd2 Qg3 53.
Qc3 Nf7 54. Be2 Qf2 55. Qd2 Qh2 56. Qd3 Qc7 57. Qd2 Qh2 58. Qd3 Nh6 59. Bd1 Nf5
60. Qb5 Qd2 61. Bb3 Qxd4 $2 (61... Qb4 62. Qe8 Nxd4 $19) 62. Qe8 $15 Qc5 63. f4
Qd6 64. Bc2 Qxf4 65. Qd8+ Kf7 66. Qxb6 Qd2 67. Bxf5 exf5 68. Qc7+ Ke6 69. Qc8+
Ke5 70. Qh8+ Ke4 71. Qh1+ Ke5 72. Qh8+ Ke6 73. Qe8+ Kf6 74. Qd8+ Kg6 75. Qg8+
Kh5 76. Qh7+ Kg4 77. Qg6+ Qg5 78. Qe6 Qf4 79. Qg8+ $2 (79. Qe2+ Kh3 80. Qd1 $17
) 79... Kh3 $19 80. Qh8+ Kg2 81. Qg7+ Kf1 82. b3 d4 83. Qd7 Ke2 84. Qe8+ Qe4
85. Qh5+ Ke1 86. Qg5 d3 87. Qg1+ Ke2 88. Qh2+ Kf1 89. Qh6 f4 0-1

[Event "Hoogovens op"]
[Site "Wijk aan Zee"]
[Date "1993.01.??"]
[Round "11"]
[White "Lobron, Eric"]
[Black "Hodgson, Julian M"]
[Result "1-0"]
[WhiteElo "2620"]
[BlackElo "2565"]
[Annotator "Lobron,E"]
[PlyCount "89"]
[EventDate "1993.01.??"]
[EventType "swiss"]
[EventRounds "12"]
[EventCountry "NED"]
[SourceTitle "CBM 034"]
[Source "ChessBase"]
[SourceDate "1993.06.01"]
[SourceVersion "1"]
[SourceVersionDate "1993.06.01"]
[SourceQuality "1"]

1. Nf3 d5 2. d4 c6 3. c4 Nf6 4. Nc3 a6 $5 5. cxd5 $5 (5. e3) (5. Bg5 Ne4 6. Bf4
Nxc3 7. bxc3 dxc4 8. g3 b5 $13 {Thorsteins-Dreev/}) 5... cxd5 6. Bg5 (6. Bf4)
6... Nc6 (6... Ne4 $6 7. Bh4 Qa5 $2 8. e3 e6 (8... Nxc3 $2 9. Qd2 $16) 9. Qb3
Bb4 10. Rc1 $16 {@}) (6... e6) 7. e3 (7. Bxf6 $5 $13) 7... Bg4 (7... e6 8. Bd3
$14) 8. Be2 Bxf3 $1 (8... e6 $6 9. Ne5 Bxe2 10. Qxe2 Be7 11. Nxc6 bxc6 12. O-O
Nd7 (12... O-O 13. Na4 $14 {x a6,c6}) 13. Bxe7 Qxe7 14. Na4 c5 $2 (14... O-O
15. Rac1 $14) 15. Qg4 $1 O-O $2 (15... f5 16. Qf4 c4 (16... cxd4 17. exd4 $16 {
x a6,e6}) 17. b3 $14) 16. dxc5 Nxc5 17. Qb4 Rac8 18. Rac1 Qb7 $8 19. Qxb7 Nxb7
20. Nb6 $16 {_|_ <->c, xa6}) 9. Bxf3 e6 10. O-O Be7 11. Rc1 O-O 12. Na4 $14 {
<-> c, x b6,c5} Nd7 $1 13. Bxe7 $1 (13. Bf4 g5 14. Bg3 f5 $13) 13... Qxe7 14.
Qb3 Rab8 15. Rc2 Rfc8 16. Rfc1 Qd8 17. Be2 Ne7 $6 (17... Qf8 $142 {/\ Ne7}) 18.
Qb4 $1 Nc6 (18... Rxc2 19. Rxc2 Nc6 20. Qd6 Qa5 (20... Nf6 21. Qxd8+ Nxd8 (
21... Rxd8 22. Nc5 Nb4 23. Nxb7 $16) 22. Nb6 $14) 21. Qxd7 Qxa4 22. b3 Qb4 23.
Qc7 $1 $14) 19. Qa3 Qa5 $2 (19... Qe7 $2 20. Rxc6 $18) (19... Qf8 20. Qxf8+
Kxf8 21. Bxa6 $18) (19... g6 $2 20. Bxa6) (19... Na7 $1 $14) 20. b4 Qc7 21. h3
(21. Bxa6 bxa6 22. Rxc6 Qxc6 23. Rxc6 Rxc6 24. h3 $13) 21... Qd6 22. Qb2 b5 $2
(22... g6 $14) 23. Nc5 Nxc5 24. Rxc5 $1 Na7 (24... Ne7 $142) 25. Bd3 g6 (25...
Rxc5 26. Rxc5 Rc8 $2 27. Qc2 $16) 26. R1c3 Rxc5 27. Rxc5 Nc8 (27... Rc8 28. Qc3
Rxc5 29. dxc5 $16 {/^ a1-h8}) 28. Qa3 $1 Ne7 (28... Qb6 29. Qc3 Nd6 30. Rc6 $16
) 29. Qc3 Rb7 30. Qc2 $2 $138 (30. a3 $142) 30... Rb6 31. a3 Nc6 32. Qc3 Kf8
$138 33. Bc2 h5 34. h4 Ne7 35. g3 Rc6 36. e4 dxe4 $2 (36... Qd7 $142 $14) 37.
Bxe4 Rb6 $8 (37... Rxc5 38. dxc5 Qc7 39. f4 {Kf2-e2, Qe5+-}) 38. d5 $5 e5 (
38... f5 39. dxe6 Qxe6 (39... fxe4 40. Qh8+ Ng8 41. Rc8+) 40. Bc2 {/\ Bb3+-})
39. Qc1 $138 Kg7 40. Qc3 f5 $2 (40... Kg8 $142 $14) 41. Bc2 $18 {/\ Bb3, Rc7,
Qc5} Qf6 (41... Nxd5 42. Rxd5 Qxd5 43. Qc7+ $18) 42. Rc7 Rd6 (42... Kf8 43. Ra7
$1 Rd6 44. Qc7 Rxd5 (44... Nxd5 45. Ra8+ $18) (44... e4 45. Qb8+ Kg7 46. Ra8
$18) 45. Qb8+ Kg7 46. Qe8 $18) 43. f4 $1 Rxd5 44. Bb3 Qb6+ (44... Rd8 45. Qc5
Kf8 46. fxe5 Qg7 47. Rc6 $18) 45. Kf1 1-0

[Event "Malakoff op 09th"]
[Site "Malakoff"]
[Date "2009.04.14"]
[Round "6"]
[White "Onkoud, Abdelaziz"]
[Black "Kozhuharov, Spas"]
[Result "1/2-1/2"]
[WhiteElo "2377"]
[BlackElo "2397"]
[Annotator "Malakoff/Primel,D"]
[PlyCount "36"]
[EventDate "2009.04.11"]
[EventType "swiss"]
[EventRounds "9"]
[EventCountry "FRA"]
[SourceTitle "EXT 2010"]
[Source "ChessBase"]
[SourceDate "2010.11.25"]
[SourceVersion "1"]
[SourceVersionDate "2010.11.25"]
[SourceQuality "1"]

1. Nf3 d5 2. d4 Nf6 3. Bf4 c5 4. c3 cxd4 5. cxd4 Nc6 6. Nc3 {la partie retombe
par interversion de coups d'un système de Londres vers une varainte d'échange
de la Slave qui a un fort caractère annulant.} a6 7. e3 Bg4 8. Be2 e6 9. O-O
Bxf3 10. Bxf3 Bd6 11. Bxd6 Qxd6 12. Na4 $1 {[%csl Gc5]} O-O (12... Nd7 {
[%csl Gb6,Gc5]}) 13. Rc1 Rac8 14. Nc5 $14 {[%csl Ra6,Rb7,Gc5]} Rc7 15. Qa4 Rfc8
16. Rc3 {[%cal Gf1c1]} Nd7 ({RR} 16... Na7 17. Rfc1 Nb5 18. R3c2 Qe7 19. Be2
Nd6 20. Qb3 g6 21. h3 {1/2-1/2 Miles,A (2600)-Hodgson,J (2580)/Groningen 1994/
CBM 045}) 17. Rfc1 $146 ({RR} 17. Nxd7 Qxd7 18. Rfc1 g6 19. h3 Qd6 20. Qc2 Kg7
21. a3 h5 22. Rc5 h4 23. Be2 Ra8 24. b4 Rcc8 25. Bxa6 Rxa6 26. b5 Rxa3 27. bxc6
b6 28. Rc3 Rxc3 29. Qxc3 Rc7 30. f3 g5 31. e4 f6 {Qendro,L (2331)-Drazic,S 
(2474)/Milan 2002/CBM 088 ext/1-0 (50)}) 17... Nxc5 18. Rxc5 g6 1/2-1/2

[Event "Tashkent FIDE GP 2nd"]
[Site "Tashkent"]
[Date "2012.11.30"]
[Round "8"]
[White "Morozevich, Alexander"]
[Black "Wang, Hao"]
[Result "1/2-1/2"]
[WhiteElo "2748"]
[BlackElo "2737"]
[Annotator "Marin,M"]
[PlyCount "81"]
[EventDate "2012.11.22"]
[EventType "tourn"]
[EventRounds "11"]
[EventCountry "UZB"]
[EventCategory "20"]
[SourceTitle "CBM 152"]
[Source "ChessBase"]
[SourceDate "2013.01.15"]
[SourceVersion "1"]
[SourceVersionDate "2013.01.15"]
[SourceQuality "1"]

1. d4 d5 2. c4 c6 3. cxd5 cxd5 4. Nc3 Nf6 5. Nf3 Nc6 6. Bf4 a6 7. Rc1 Bf5 8. e3
Rc8 9. Be2 e6 10. O-O Bd6 11. Bxd6 Qxd6 12. Nh4 {Almost never played before.} (
{The usual continuation is} 12. Na4 {, as played by Morozevich himself in
Morozevich,A (2765)-Van Wely,L (2681)/Nice 2008/CBM 123 Extra (1/2, 26)}) 12...
Bg6 13. g3 O-O 14. Nxg6 hxg6 15. Na4 Nd7 16. a3 Ne7 17. b4 a5 18. bxa5 Qxa3 19.
Bb5 Nf6 20. Rb1 Nf5 21. Rb3 Qe7 22. Bd3 Nd6 23. Qe1 Rc7 24. Qb4 Nd7 25. Bb5 Nf6
26. Rfb1 Rfc8 27. Kg2 Rc1 28. Bd3 Rxb1 29. Rxb1 Rc7 30. Qa3 Nd7 31. Rb3 Qf8 32.
Rc3 Rxc3 33. Qxc3 Qd8 34. h4 Qb8 35. Kf1 Kf8 36. Qb4 Qc7 37. Nc5 Ke7 38. e4 b6
39. axb6 Qxb6 40. Qxb6 Nxb6 41. e5 1/2-1/2

[Event "Groningen Festival"]
[Site "Groningen"]
[Date "1998.12.23"]
[Round "4"]
[White "Milov, Vadim"]
[Black "Piket, Jeroen"]
[Result "1-0"]
[WhiteElo "2640"]
[BlackElo "2605"]
[Annotator "Milov,V"]
[PlyCount "91"]
[EventDate "1998.12.20"]
[EventType "tourn"]
[EventRounds "10"]
[EventCountry "NED"]
[EventCategory "16"]
[SourceTitle "CBM 069"]
[Source "ChessBase"]
[SourceDate "1999.04.01"]
[SourceVersion "1"]
[SourceVersionDate "1999.04.01"]
[SourceQuality "1"]

1. d4 {Huebner,R. Marin,M} d5 2. c4 c6 3. cxd5 cxd5 4. Nc3 Nf6 5. Bf4 Nc6 6.
Nf3 a6 {Not willing to go for variation 6...Bf5 7.e3 e6 8.Bb5, Black keeps the
possibility in case of 7.e3 to play 7...Bg4. That`s why avoiding the pin I
made the other useful move} 7. Rc1 {'!?' Marin,M. Marin,M: 'With this move
white clearly shows that he can play waiting moves, too.'} Bf5 ({Piket already
had some experience with this position, but looking from the other side.} 7...
Qb6 {Marin,M} 8. Na4 Qa5+ 9. Bd2 Qd8 10. e3 Ne4 11. Qb3 e6 12. Nb6 Nxd2 13.
Nxd2 Ra7 14. Bd3 (14. Nxc8 Qxc8 15. Bd3 Bd6 16. O-O O-O 17. f4 {1/2-1/2
Andersson Ulf-Bologan Viktor Olimpiada, Manila 1992 isn't very dangerous
either.}) 14... Bd6 15. O-O {1/2-1/2 Piket Jeroen-Shirov Alexei Interzonal de
la PCA, Groningen 1993. It would be interesting to know why did Jeroen avoid
this line.}) (7... Ne4 {(Marin,M) is another possibility.}) 8. e3 e6 (8... Rc8
$142 9. Qb3 $140 (9. Be2 {Marin,M} e6 10. O-O Nd7 (10... Be7 {:} 11. Qb3 Na5
12. Qa4+ b5 13. Nxb5 axb5 14. Bxb5+ Kf8 15. Rxc8) 11. Qb3 (11. Nd2 Bg6 12. Nb3
Be7 $11 {Andersson,U-Short,N Pula 1997}) 11... Na5 (11... Qb6 $142 12. Qxb6
Nxb6 13. Nh4 $14) 12. Qa4 b5 $140 13. Nxb5 axb5 14. Bxb5 Nc4 15. Qa6 {/\16.Ne5}
f6 16. Nh4 $40 {/\b3}) 9... Na5 (9... Na5 10. Qa4+ b5)) 9. Qb3 $1 {Marin,M:
'It is funny that this move wasn't very popular till now.'} Ra7 {Huebner,R:
'Besonderes Vertrauen hat mir diese Aufstellung des Turmes nie eingeflößt,
aber spielbar ist manches.'} (9... Na5 $2 10. Qa4+ Nd7 (10... Nc6 11. Ne5 (11.
Ne5 {Marin,M} Qb6 12. Bb5 $16)) (10... b5 11. Nxb5 axb5 12. Bxb5+) 11. Ne5 b5
12. Nxb5 axb5 13. Bxb5 Nc6 14. Nxc6 $16) (9... Qd7 {(Marin,M) ><c5, b6} 10. Be2
Be7 11. O-O O-O (11... b5 $2 12. Nxb5 $1) 12. Na4 Na5 13. Qd1 Rac8 14. Nc5 (14.
Nb6 $5) 14... Bxc5 15. dxc5 $14) (9... Qc8 {Marin,M} 10. Be2 Be7 11. O-O O-O
12. Na4) (9... Bb4 $14 {Marin,M}) 10. Be2 (10. Ne5 Nxe5 11. Bxe5 Nd7 12. Bg3
Be7 13. Be2 O-O 14. O-O b5 $11) 10... Nd7 (10... Bd6 {Marin,M} 11. Bxd6 Qxd6
12. Na4 Nd7 13. O-O O-O 14. Nc5 Nxc5 15. Rxc5 $16 {/\ Rfci, Qb6.}) 11. O-O Be7
(11... Qb6 12. Qxb6 (12. Na4 Qxb3 13. axb3 Be7 14. Nc5 Nxc5 15. dxc5 Kd7 16.
Nd4 Bg6 $13) 12... Nxb6 13. Ne5 Nxe5 14. Bxe5 $14) 12. Na4 $14 g5 $5 {'?!'
Marin,M.} ({Avoiding to play a slightly worse position after} 12... O-O 13. Nc5
Nxc5 14. dxc5 {Black tries to grab the initiative on the kingside. However, he
is late with his development and the rook on a7 doesnot make things any better}
) 13. Be5 $1 (13. Bg3 $6 h5 14. h3 (14. Nc5) 14... g4 15. hxg4 hxg4 16. Nd2 Bh4
$36) 13... Rg8 (13... f6 14. Bg3 h5 (14... O-O 15. Nc5 $16 (15. Nc5 {Marin,M}
Nxc5 16. dxc5 $14 {/\Nd4, >< e6})) 15. h4 g4 16. Ne1 $16) (13... O-O $5 14. h3
(14. Bg3 $5) 14... Ndxe5 15. Nxe5 Nxe5 16. dxe5 b5 17. Nc5 Qb6 18. Qc3 $16 Rc8
$140 19. Na4) (13... Ndxe5 {Marin,M} 14. Nxe5 Nxe5 15. dxe5 b5 (15... O-O 16.
Nb6) 16. Nc5 O-O 17. Qc3 $14 {/\b4, Qd4, g4, f4-f5.}) 14. Bg3 h5 15. Nc5 $1 {
An impotant move. White makes use of the Knight that seemed to be so far away
from the events and after its swap gets a very good square for the Bishop} (15.
h3 h4 16. Bh2 g4 17. hxg4 Bxg4 18. Kh1 h3 19. g3 $13) 15... Nxc5 (15... h4 16.
Nxb7) 16. dxc5 {Marin,M: '[#]'} h4 17. Bd6 {'!' Marin,M.} Bg4 {'?!' Huebner,R.}
(17... Bxd6 18. cxd6 Qxd6 {'!?' Huebner,R.} (18... h3 $5 {Huebner,R} 19. g3 Bg4
{mag auch spielbar sein.}) 19. Qb6 $18 {Marin,M: '/\20.Rxc6'} (19. Qb6 {
(Marin,M) /\20.Rxc6} Qe7 {Huebner,R: 'bietet keine Auskunft, weil'} (19... Qb4
20. Rxc6) (19... Qd7 {bietet keine Auskunft, weil} 20. Rxc6 bxc6 21. Qb8+ {
folgt.}) 20. Rxc6 bxc6 21. Qb8+)) (17... h3 18. g3 Bg4 19. Rfe1 Bxf3 20. Bxf3
Bxd6 $140 21. cxd6 Qxd6 22. Qb6 Qd7 23. Rxc6 $1 bxc6 24. Qb8+ $18) (17... h3 $5
{Huebner,R kommt in Betracht.}) 18. h3 Bxf3 $6 (18... Bh5 $142 19. Rfe1 $1 $16
{( Piket )} (19. Qc2 $6 Bg6 20. Qa4 Qa5) (19. Rfd1 $5) 19... g4 $140 20. Nh2)
19. Bxf3 {Marin,M: '/\e4'} f5 $6 {'?' Marin,M. '?' Huebner,R. Trying to close
the position but in fact just opening it up Huebner,R: 'Schwarz verhindert die
Öffnung der Stellung durch e3-e4 und droht, gelegentlich mit g5-g4
fortzusetzen; aber er kommt nicht zu seinem Ziele, und seine Königsstellung
wird gefährlich entblößt. Besser war'} (19... Kf8 $142 {Marin,M} 20. Rfd1 (20.
Bxe7+ Qxe7 21. Rfd1 f5) 20... Bxd6 (20... f5 21. Bxd5 exd5 22. Rxd5 $16) 21.
cxd6 Qxd6 22. Qb6 Qe7 (22... Qd7 23. e4 d4 24. e5) 23. e4 dxe4 24. Bxe4 Kg7 25.
Bxc6 bxc6 26. Qxc6 Rb8 27. b3 $16) (19... Qd7 {Huebner,R}) (19... Bxd6 {
Huebner,R} 20. cxd6 Qxd6 21. Qb6 {ist natürlich auch hier fatal für Schwarz.})
20. Bh5+ Kf8 {Marin,M: '[#]'} 21. e4 $1 $16 {Huebner,R: 'Schwarz hat also
e3-e4 doch nicht verhindern können.'} Bxd6 (21... fxe4 22. f3 $18 (22. f3 {
ist scheußlich für Schwarz;} e3 23. Qxe3 Bxd6 24. Qxe6 {ist ebenfalls stark.}))
22. cxd6 Qxd6 (22... fxe4 23. f3 e3 24. Qxe3 Qxd6 (24... Qd7 {Huebner,R} 25. f4
{usw.}) 25. Rxc6 $18) 23. exf5 exf5 24. Rfd1 Ne7 25. Bf3 {Huebner,R: 'Weiß
gewinnt den geopferten Bauern zurück, und danach besteht die Stellung des
Schwarzen nur aus Löchern und Schwächen; auch der Turm auf a7 ist keine Zierde
des schwarzen Spiels.'} Rg6 26. Bxd5 Qb6 27. Qc3 {Huebner,R: 'Natürlich
tauscht Weiß nicht die Damen.'} (27. Qxb6 $5 Rxb6 28. Bf3 Ra8 29. Rc7 Rxb2 30.
Re1 $18) 27... Qf6 28. Qc7 Ra8 29. Bxb7 Re8 30. b4 $18 Qb6 (30... Qb2 31. Qc4
Rb6 32. Bxa6 $18) (30... g4 31. hxg4 fxg4 32. Rc4 $18) 31. a3 Re6 32. Qxb6 (32.
Bf3 $5 {Huebner,R}) 32... Rxb6 33. Rc7 $6 (33. Rd7 Kf7 34. Bf3 Kf6 35. Re1 $18)
33... Kf7 34. Bf3 Kf6 35. Ra7 $6 (35. Re1 $6 Nd5) (35. Kf1 $142) 35... Ng6 36.
Kf1 Nf4 37. Rc7 Ree6 38. Rc5 Re5 39. Rdc1 Ne6 (39... Nd3 40. Rc6+ Rxc6 41.
Rxc6+ Ke7 42. Be2 $18) 40. Rxe5 Kxe5 41. Rc6 Rxc6 42. Bxc6 Kf4 43. Bb7 Nc7 44.
Ke2 g4 45. a4 g3 46. Kf1 {Marin,M: 'A very elegant move. White will create a
passed h-pawn, for instance 46...Ke5 47.fxg3 or 46...gxf2 47.Kxf2 Kg5 48.g3.
As the knight cannot move, The rest would be easy.'} 1-0

[Event "Seville op 39th"]
[Site "Seville"]
[Date "2014.01.13"]
[Round "4"]
[White "Simonian, Tigran"]
[Black "Haslinger, Stewart"]
[Result "1/2-1/2"]
[WhiteElo "2412"]
[BlackElo "2548"]
[Annotator "Montecatine,R"]
[PlyCount "110"]
[EventDate "2014.01.10"]
[EventType "swiss"]
[EventRounds "9"]
[EventCountry "ESP"]
[SourceTitle "CBM 158 Extra"]
[Source "ChessBase"]
[SourceDate "2014.02.28"]
[SourceVersion "1"]
[SourceVersionDate "2014.02.28"]
[SourceQuality "1"]

{Un interesante final de torres caracteriza esta partida. Es complejo y tiene
errores, pero Haslinger pudo vencer en la jugada 37 o tener clara ventaja en
la 39.} 1. d4 d5 2. c4 c6 3. cxd5 cxd5 4. Nc3 Nf6 5. Bf4 Nc6 6. e3 a6 7. Rc1
Bf5 8. Nf3 Rc8 9. Ne5 e6 10. g4 Nxe5 11. gxf5 Nc4 12. fxe6 fxe6 13. Bxc4 Rxc4
14. O-O Bd6 15. Ne2 Rxc1 16. Qxc1 O-O 17. f3 (17. Bxd6 Qxd6 18. f3 Nd7 19. Qd2
e5 $11) 17... Ne8 $15 18. Qe1 (18. Rf2) 18... Qf6 19. Qg3 Bxf4 20. Nxf4 Nd6 21.
Nh5 Qe7 22. Kh1 Nf5 23. Qe5 Qh4 (23... Qd6 24. Qxd6 Nxd6 25. Nf4 Nc4 26. Nxe6
Rf6 27. Ng5 h6 $17) 24. Ng3 Nxg3+ 25. Qxg3 Qxg3 26. hxg3 Rc8 27. Kg2 h5 28. Rf2
Kf7 29. Kh3 Rc1 30. Re2 (30. g4) 30... Kf6 31. g4 Rh1+ 32. Kg2 Ra1 33. gxh5
Rxa2 34. Kg3 a5 35. e4 (35. Kf4 Ra4 36. Kg3 Kg5 37. Rc2 Ra2 $17) 35... a4 $6 (
35... Ra4 36. Rd2 Kg5 $17) 36. Kf2 (36. Kf4 $11) 36... b5 37. Ke1 {Diagrama [#]
} b4 (37... Kg5 $19 38. exd5 exd5 39. Kd1 Kf4 $19) 38. Kd1 a3 39. Kc1 b3 (39...
e5 40. Kb1 Rxb2+ 41. Rxb2 axb2 42. exd5 exd4 43. f4 $11) (39... Ra1+ 40. Kc2
Rf1 41. bxa3 bxa3 $17) 40. Kb1 Kg5 $6 (40... dxe4 41. fxe4 Ke7 $15) 41. exd5
exd5 42. Re5+ Kf4 43. bxa3 Kxf3 44. Rxd5 Ke4 45. Rd7 Rh2 46. Rxg7 Kxd4 47. Rd7+
Kc3 48. Rc7+ Kd4 49. a4 Rxh5 50. Kb2 Rh3 51. a5 Kd5 52. Rc8 Kd6 53. a6 Rh7 54.
Kxb3 Ra7 55. Rh8 Kc5 1/2-1/2

[Event "World Cup"]
[Site "Khanty-Mansiysk"]
[Date "2009.11.25"]
[Round "2.2"]
[White "So, Wesley"]
[Black "Ivanchuk, Vassily"]
[Result "1/2-1/2"]
[WhiteElo "2640"]
[BlackElo "2739"]
[Annotator "Nielsen,Peter Heine"]
[PlyCount "91"]
[EventDate "2009.11.21"]
[EventType "k.o."]
[EventRounds "7"]
[EventCountry "RUS"]
[SourceTitle "CBM 134"]
[Source "ChessBase"]
[SourceDate "2010.01.18"]
[SourceVersion "1"]
[SourceVersionDate "2010.01.18"]
[SourceQuality "1"]

1. d4 d5 2. c4 c6 $2 {Ivanchuk badly need to win, and chooses the Slav!} 3. Nf3
Nf6 4. cxd5 $1 {#} cxd5 5. Nc3 Nc6 6. Bf4 a6 7. Rc1 Bf5 8. e3 e6 9. Qb3 Ra7 10.
Ne5 Nxe5 11. Bxe5 Nd7 12. Bg3 Be7 13. Be2 O-O 14. O-O Qa8 15. Nb1 Rc8 16. Bd3
Bxd3 17. Qxd3 Rc6 $1 {To unbalance the position a bit.} 18. Rc2 Nb6 19. Rfc1
Nc4 20. Nd2 Nxd2 21. Qxd2 a5 22. Qd3 a4 23. f3 Raa6 24. e4 Qd8 25. Rxc6 Rxc6
26. Rxc6 bxc6 27. Bf2 h5 28. Be3 Qa5 29. Kf2 h4 30. g4 $2 h3 $1 31. Kg3 Qe1+
32. Kxh3 dxe4 33. Qxe4 {#} Qf1+ {Missing a golden chance.} (33... Qe2 $1 {
This threatens ...Bd6.} 34. Bf4 (34. a3 {(just to use a random move to
illustrate)} Bd6 35. f4 g5) 34... Qf1+ 35. Kg3 g5 $1 36. Bc7 Bb4 $1 {being the
point - creating a mating net.}) 34. Kg3 Bd6+ 35. Bf4 Bb4 36. g5 Be1+ 37. Kg4
Qg2+ 38. Bg3 Bxg3 39. hxg3 Qxb2 40. Qxc6 Qxd4+ 41. f4 g6 42. Qc2 a3 43. Kf3 e5
44. fxe5 Qxe5 45. Qd3 Qb2 46. Qd5 1/2-1/2